[Event "Barquisimeto Expertos & Maestros LARA 2"]
[Site "Barquisimeto"]
[Date "2013.06.15"]
[Round "2.2"]
[White "Martinez, Sebastian"]
[Black "Alcala Vitora, Wilfredo Enrique"]
[Result "0-1"]
[WhiteElo "1692"]
[BlackElo "2014"]
[PlyCount "88"]
[EventDate "2013.06.14"]
[EventType "swiss"]
[EventRounds "6"]
[EventCountry "VEN"]
[SourceTitle "EXT 2022"]
[Source "ChessBase"]
[SourceDate "2021.10.06"]
[SourceVersion "1"]
[SourceVersionDate "2021.10.06"]
[SourceQuality "1"]

1. e4 e6 2. d4 d5 3. Nd2 c5 4. c3 cxd4 5. cxd4 dxe4 6. Nxe4 Nc6 7. Nf3 Be7 8. Be3 Nf6 9. Bd3 0-0 10. 0-0 Nb4 11. Bb1 Bd7 12. Ne5 Bc6 13. Nxf6+ Bxf6 14. a3 Qd5 15. f3 Bxe5 16. dxe5 Qxe5 17. Bd4 Qd6 18. Bxg7 Qxd1 19. Rxd1 Kxg7 20. axb4 Rfd8 21. Be4 Bxe4 22. fxe4 a6 23. Kf2 Rac8 24. Rxd8 Rxd8 25. Ke3 Rc8 26. Rd1 Rc2 27. Rd2 Rxd2 28. Kxd2 Kf6 29. Ke3 Ke5 30. Kd3 Kf4 31. g3+ Kf3 32. Kd4 b6 33. Ke5 h6 34. g4 Kxg4 35. Kf6 Kf4 36. Kxf7 e5 37. Kg6 Kxe4 38. Kxh6 Kf5 39. h4 e4 40. h5 e3 41. Kg7 e2 42. h6 e1Q 43. h7 Qe7+ 44. Kg8 Kg6 0-1